Penyelidikan saintifik sains sosial

Bibliographic Details
Other Authors: Jaharudin Padli (Editor), Mohamad Shukri Johari (Editor), Nur Azura Sanusi (Editor)
Format: Book
Published: Kuala Nerus, Terengganu : UMT 2019
Subjects:

MARC

LEADER 00000cam a2200000 7i4500
001 0000093586
005 20240109114744.0
020 |a 9789672238522 (  |q (paperback)) 
040 |e rda 
041 |a Malay 
090 0 0 |a 302.0072   |b PEN 
245 1 0 |a Penyelidikan saintifik sains sosial 
264 1 |a Kuala Nerus, Terengganu :   |b UMT   |c 2019 
300 |a 115 pages :   |b color illustrations ;   |c 26 cm. 
336 |a text  |2 rdacontent 
337 |a unmediated  |2 rdamedia 
338 |a volume  |2 rdacarrier 
541 |c Donation from UMT 
650 0 |a Academic writing 
650 0 |a EDucation, Higher   |x Research 
650 0 |a Government publication   |z Malaysia 
700 1 |a Jaharudin Padli ,   |e (editor) 
700 1 |a Mohamad Shukri Johari ,   |e (editor) 
700 1 |a Nur Azura Sanusi ,   |e (editor) 
730 0 |a Title 
999 |a 0001749211   |b Book   |c Adult Collection   |e Perbadanan Perpustakaan Awam Johor